00506 2200169 4500245006500000020002200065250001100087100002400098700001400122650002900136005001900165260009700184041001400281084001200295300002000307336000900327 aKamus Bahasa Indonesia - FilipinocMyrna Carillo HalimhText a978-602-437-921-6 aCet. 1 aMyrna Carillo Halim aLevi Cruz aKamus Indonesia Filipino a20241031104139 aJakartabBadan Pengembangan Bahasa dan Perbukuan Kementerian Pendidikan dan Kebudayaanc2019 aIndonesia a499.219 a304 Hlm. :cPDF atext